000 00615 a2200205 4500
999 _c4354
_d4354
020 _a1903300568
050 _aQA 135.6 MOO 2003
100 1 _aMooney, Claire et al
_eauthor.
245 1 0 _aPrimary mathematics: teaching theory and practice /
_cClaire Mooney et al
264 1 _aLondon :
_blearning Matters
_c2003
300 _apages cm
500 _aIncludes index
650 _a Education -- Mathematics.
650 _a Education
700 _aBriggs, Mary
_eauthor
700 _aFletcher, Mike
_eauthor
700 _aMcCullouch, Judith
_eauthor
942 _2lcc
_cBK
_h135.6
_iMOO
_kQA